La libertad de la televisin̤ el modelo alemǹ /

Bibliographic Details
Main Author: Salvador Martn̕ez, Mara̕
Format: Unknown
Language:Spanish
Published: Barcelona : Cedecs, 1998
Subjects:
Online Access:Acceso restringido

MARC

LEADER 00000ny a22000003n 4500
005 20110527101139.0
008 990920s1998 sp s 000 0 spa c
017 |a B12828-1998 
020 |a 8495027216 
035 |a 350 
040 |a UMA.DER  |d vLex 
040 |a UMA.RE  |d vLex 
080 |a 351.817(430) 
090 |c 308  |d 308 
100 1 |a Salvador Martn̕ez, Mara̕ 
245 1 3 |a La libertad de la televisin̤  |h [Recurso electrn̤ico]  |b el modelo alemǹ /  |c Mara̕ Salvador Martn̕ez 
256 |a Servicio en ln̕ea 
260 |a Barcelona :  |b Cedecs,  |c 1998 
300 |a 392 p. ;  |c 23 cm 
504 |a Bibliogr.: p. 368-392 
506 1 |a Contenido solo disponible en los productos indicados  |d vLex Global  |d vLex Global (Academic Edition, excluding Law Schools)  |d vLex Global (U.S. Academic Edition, Law Schools)  |d vLex Global (U.S. Academic Edition, excluding Law Schools)  |d vLex Global (Academic Edition, Law Schools) 
650 0 7 |a Historia del derecho  |2 Tesauro vLex 
650 0 7 |a Televisin̤  |2 Tesauro vLex 
650 0 7 |a Televisin̤  |2 Tesauro vLex 
740 0 |a vLex Libros (Servicios en ln̕ea) 
856 4 0 |u http://vlex.com/source/350  |z Acceso restringido 
942 |c BOOK 
999 0 |a Law--History  |b Barcelona